[Event "Titled Tue 16th Jan Late"]
[Site "chess.com INT"]
[Date "2024.01.16"]
[Round "8"]
[White "Andreikin, D."]
[Black "Fedoseev, Vl3"]
[Result "1/2-1/2"]
[WhiteElo "2729"]
[BlackElo "2690"]
[PlyCount "65"]
[EventDate "2024.01.16"]

1. Nf3 d5 2. d4 Nf6 3. c4 e6 4. Bg5 Be7 5. e3 Nbd7 6. Nc3 h6 7. Bh4 O-O 8. Rc1 c5 9. cxd5 Nxd5 10. Bxe7 Nxe7 11. Be2 b6 12. dxc5 Nxc5 13. b4 ({RR} 13. Qc2 Bb7 14. b4 Nd7 15. O-O Rc8 16. Qb3 Nd5 17. Nb5 Rxc1 18. Rxc1 Qb8 19. a3 Rc8 20. Qb2 Rxc1+ 21. Qxc1 a6 22. Nbd4 N7f6 23. h3 Qd6 24. Nd2 Qd8 25. Bf3 Qd7 26. Qc2 Ne7 27. Bxb7 Qxb7 {Mungunzul,B (2328)-Zhu,J (2547) Hong Kong HKG 2026 ½-½ (56)}) 13... Qxd1+ 14. Rxd1 Nd7 15. O-O $146 ({RR} 15. Nd4 a5 16. b5 Nc5 17. f3 Bb7 18. e4 Rac8 19. Kf2 e5 20. Nf5 Nxe4+ 21. Nxe4 Nxf5 22. Nd6 Nxd6 23. Rxd6 Rc2 24. Rhd1 e4 25. R1d2 Rxd2 26. Rxd2 exf3 27. gxf3 Ba8 28. Rd6 Rb8 29. Bc4 Kf8 {Ivanchuk,V (2733)-Kramnik,V (2810) Novi Sad 2016 ½-½ (42)}) 15... Nf6 16. Ne5 Bb7 17. Nd7 Nxd7 18. Rxd7 Nd5 19. Nxd5 Bxd5 20. Bf3 Bxf3 21. gxf3 Rfd8 22. Rfd1 Rxd7 23. Rxd7 a5 24. b5 Rc8 25. Rb7 Rc2 26. a4 Rc4 27. Rxb6 Rxa4 28. Rb8+ Kh7 29. Ra8 Ra1+ 30. Kg2 a4 31. b6 Rb1 32. Rxa4 Rxb6 33. Ra7 1/2-1/2

[Event "Titled Tue 15th Nov Early"]
[Site "chess.com INT"]
[Date "2022.11.15"]
[Round "8"]
[White "Abdusattorov, Nodirbek"]
[Black "Yu Yangyi"]
[Result "0-1"]
[WhiteElo "2713"]
[BlackElo "2716"]
[PlyCount "64"]
[EventDate "2022.11.15"]

1. a3 Nf6 2. Nf3 d5 3. d4 e6 4. c4 Nbd7 ({RR} 4... c5 5. cxd5 exd5 6. g3 Nc6 7. Bg2 c4 8. b3 cxb3 9. Qxb3 Be7 10. O-O O-O 11. Bg5 Na5 12. Qd3 Be6 13. Nbd2 Rc8 14. Ne5 Qc7 {½-½ (14) Belov,V (2532)-Perunovic,M (2555) Kavala 2004}) 5. e3 ({RR} 5. Bg5 h6 6. Bh4 dxc4 7. Nc3 a6 8. a4 Bb4 9. e3 g5 10. Bg3 Nd5 11. Qc2 c5 12. Bxc4 N7b6 13. Be2 cxd4 14. Nxd4 Nxc3 15. bxc3 Be7 16. O-O h5 17. h3 g4 18. hxg4 hxg4 19. Bxg4 Bd6 {Marcziter,D (2210)-Pajcin,L (2243) chess.com INT 2025 0-1 (45)}) 5... b6 6. Nc3 $146 ({RR} 6. cxd5 Nxd5 7. e4 N5f6 8. Nc3 Be7 9. Bd3 Bb7 10. O-O c6 11. Bf4 Nh5 12. Be3 g6 13. Qb3 O-O 14. e5 Ng7 15. Rad1 Qc8 16. Rc1 Qd8 17. Bh6 Re8 18. Bxg7 Kxg7 19. Rfd1 Qb8 20. Be4 Rc8 {Schneider,U (1783)-Schroeder,O (1645) Bad Homburg 2014 1-0 (60)}) 6... Bb7 7. b3 c5 8. Bb2 cxd4 9. exd4 Bd6 10. Be2 Rc8 11. O-O O-O 12. Rc1 dxc4 13. Bxc4 Bf4 14. Rc2 Ne4 15. Ne2 Bb8 16. Qd3 Nd6 17. Rfc1 b5 18. Bxe6 Rxc2 19. Qxc2 fxe6 20. Ne5 Nxe5 21. dxe5 Nf5 22. Ng3 Qd5 23. f3 Nxg3 24. hxg3 Rc8 25. Qb1 Bxe5 26. Re1 Bd4+ 27. Bxd4 Qxd4+ 28. Kh2 Rc5 29. g4 Bxf3 30. Rxe6 Qf4+ 31. g3 Qd2+ 32. Kh3 Qg2+ 0-1

[Event "1st 3-0 Thu 16th Apr 2026"]
[Site "chess.com INT"]
[Date "2026.04.16"]
[Round "6"]
[White "Maghsoodloo, Parham"]
[Black "Bluebaum, M."]
[Result "0-1"]
[WhiteElo "2720"]
[BlackElo "2695"]
[PlyCount "64"]
[EventDate "2026.04.16"]

1. d4 d5 2. c4 e6 3. Nf3 Nf6 4. g3 Bd6 5. Bg2 Nc6 6. O-O O-O 7. Nbd2 a5 8. b3 a4 9. Bb2 a3 10. Bc3 Bb4 11. Qc2 Bxc3 12. Qxc3 Ne4 13. Qe3 f5 14. Rfc1 Qf6 15. Nf1 $146 ({RR} 15. cxd5 exd5 16. b4 Nxb4 17. Rxc7 Qd6 18. Qf4 Qxf4 19. gxf4 Rf7 20. Rcc1 Rf6 21. Nb3 Rc6 22. Rxc6 bxc6 23. Ne1 Ba6 24. Bxe4 fxe4 25. e3 Bc4 26. Nd2 Bxa2 27. f3 exf3 28. Kf2 Bc4 29. Kxf3 a2 {Lysyj,I (2589)-Bluebaum,M (2655) chess.com INT 2024 0-1}) ({RR} 15. cxd5 exd5 16. b4 Nxb4 17. Rxc7 Qd6 18. Qf4 Qxf4 19. gxf4 Rf7 20. Rcc1 Rf6 21. Nb3 Rc6 22. Rxc6 bxc6 23. Ne1 Ba6 24. Bxe4 fxe4 25. e3 Bc4 26. Nd2 Bxa2 27. f3 exf3 28. Kf2 Bc4 29. Kxf3 a2 {Lysyj,I (2589)-Bluebaum,M (2655) chess.com INT 2024 0-1}) 15... Rd8 16. Rd1 Nb4 17. Qc1 c5 18. e3 b6 19. Ne5 Ba6 20. f3 Nd6 21. Nd2 cxd4 22. exd4 f4 23. g4 Nf7 24. Qc3 Nxe5 25. dxe5 Qe7 26. Bf1 d4 27. Qc1 Bb7 28. Re1 Qc5 29. Ne4 Bxe4 30. Rxe4 d3+ 31. Kg2 Nc2 32. Rxf4 Ne3+ 0-1

[Event "79th ch-AZE 2025"]
[Site "Baku AZE"]
[Date "2025.02.15"]
[Round "5.3"]
[White "Mamedyarov, S."]
[Black "Mamedov, Rau"]
[Result "1/2-1/2"]
[WhiteElo "2732"]
[BlackElo "2656"]
[PlyCount "63"]
[EventDate "2025.02.01"]
[EventType "k.o."]

1. c4 e6 2. d4 d5 3. Nf3 c5 4. cxd5 exd5 5. g3 Nf6 6. Bg2 cxd4 ({RR} 6... c4 7. O-O Be7 8. b3 cxb3 9. Qxb3 O-O 10. Nc3 Nc6 11. Bg5 Be6 12. e3 b6 13. Qa4 Rc8 14. Rac1 h6 15. Bxf6 Bxf6 16. Nd2 a5 17. Rb1 Nb4 18. Nb5 Bd7 19. a3 Na6 20. Qb3 Bc6 21. Nc3 {Tobares,L (2138)-Saketh,P (2101) chess.com INT 2026 1-0}) 7. Nxd4 Bc5 8. O-O O-O 9. b3 $146 ({RR} 9. Nb3 Bb6 10. Nc3 Be6 11. Bf4 Nc6 12. e3 h6 13. h4 Qd7 14. Na4 Bh3 15. Nxb6 axb6 16. Nd4 Bxg2 17. Kxg2 Ne4 18. f3 Nc5 19. Nb5 Ne6 20. Bd6 Rfe8 21. Qxd5 Ne7 22. Qb3 Ra5 23. a4 Nf5 {Poniewierski,P (2046)-Peplinski,W (1800) Poland 2007 1-0 (60)}) ({RR} 9. Nc3 Bxd4 10. Qxd4 Nc6 11. Qa4 d4 12. Ne4 Nxe4 13. Bxe4 Qe7 14. Qc2 h6 15. Bd2 Re8 16. Bh7+ Kh8 17. Bd3 Bh3 18. Rfe1 Ne5 19. Rac1 Qf6 20. Bf4 Nxd3 21. Qxd3 Rad8 22. Rc7 Bf5 23. Qd1 Be4 {Kononenko,D (2322)-Ehlvest,J (2517) Chess.com INT 2020 0-1 (35)}) 9... Re8 10. Nc3 Nc6 11. Be3 Bb6 12. Qd2 Bg4 13. h3 Bh5 14. Rac1 Rc8 15. Nxc6 Bxe3 16. Qxe3 Rxe3 17. Nxd8 Rexc3 18. Rxc3 Rxc3 19. g4 Bg6 20. Rd1 h5 21. Nxb7 hxg4 22. hxg4 Nxg4 23. Bxd5 Rc2 24. Bf3 Ne5 25. a4 Nxf3+ 26. exf3 Rc3 27. Na5 Rxf3 28. Rd8+ Kh7 29. Rd7 a6 30. Rd6 Bc2 31. Rxa6 Bxb3 32. Nxb3 1/2-1/2

[Event "TCh-RUS Premier 2023"]
[Site "Sochi RUS"]
[Date "2023.05.10"]
[Round "9.5"]
[White "Riazantsev, A."]
[Black "Malakhov, V."]
[Result "1-0"]
[WhiteElo "2626"]
[BlackElo "2650"]
[PlyCount "63"]
[EventDate "2023.05.01"]
[EventType "team"]
[WhiteTeam "Shakhmatnaya sbornaya Moskvy (Moskva)"]
[BlackTeam "SK KPRF (Moskva)"]

1. d4 d5 2. c4 e6 3. Nf3 a6 4. cxd5 exd5 5. Nc3 Nf6 6. Bg5 Be6 7. e3 Nbd7 8. Bd3 Bd6 9. O-O c6 10. Bh4 h6 11. Kh1 ({RR} 11. Rb1 O-O 12. b4 Qc7 13. a4 Ng4 14. Bg3 Bxg3 15. hxg3 h5 16. Qd2 g6 17. b5 axb5 18. axb5 Ndf6 19. Rfc1 Kg7 20. Rc2 Rh8 21. Rbc1 h4 22. gxh4 Rxh4 23. Nxh4 Qh2+ 24. Kf1 Qxh4 25. Qe1 Qh1+ {Kaliakhmet,E (2241)-Burdalev,K (2340) chess.com INT 2025 1-0 (41)}) 11... O-O 12. Nd2 Be7 $146 ({RR} 12... Qc7 13. f4 Bg4 14. Qc2 Rae8 15. Rae1 c5 16. dxc5 Qxc5 17. Nb3 Qb6 18. h3 Bh5 19. Nd4 Rxe3 20. Rxe3 Qxd4 21. Qd2 Bc5 22. Ree1 Bg6 23. Rd1 Bxd3 24. Qxd3 Qxd3 25. Rxd3 d4 26. Ne2 {½-½ (26) Kurmangaliyeva,L (2264)-Makhija,A (2126) Almaty KAZ 2023}) ({RR} 12... g5 13. Bg3 Bxg3 14. fxg3 Kg7 15. e4 Qb6 16. exd5 cxd5 17. Nb3 Qd6 18. Qf3 b6 19. Rae1 Bg4 20. Qf2 Bh5 21. Na1 Bg6 22. Bf5 b5 23. a3 Rae8 24. Nc2 Rxe1 25. Rxe1 Re8 26. Rxe8 Nxe8 27. Bxg6 {Esipenko,A (2683)-Caruana,F (2786) Douglas IOM 2023 ½-½ (43)}) 13. f4 Nb6 14. Bxf6 Bxf6 15. Qh5 c5 16. Nf3 cxd4 17. exd4 Nc4 18. Rae1 Nxb2 19. Bb1 Qc8 20. Nxd5 Qd8 21. Nxf6+ Qxf6 22. d5 Bd7 23. Ne5 Bb5 24. Ng4 Qd4 25. Re4 Qd2 26. Re3 Qxe3 27. Nxe3 Rfe8 28. Re1 Rac8 29. h3 Rc3 30. Qf5 Bd3 31. Qd7 Re4 32. Qxb7 1-0

[Event "Clash of Claims 2024"]
[Site "Madrid ESP"]
[Date "2024.06.07"]
[Round "9"]
[White "Kramnik, V."]
[Black "Martinez Alcantara, Jose Eduardo"]
[Result "1-0"]
[WhiteElo "2753"]
[BlackElo "2612"]
[PlyCount "64"]
[EventDate "2024.06.07"]

1. d4 d5 2. c4 e6 3. Nf3 Nf6 4. g3 Bd6 5. Bg2 Nc6 6. O-O O-O 7. Nbd2 a5 8. b3 a4 9. Bb2 Bb4 ({RR} 9... a3 10. Bc3 Bb4 11. Qc2 Bxc3 12. Qxc3 Ne4 13. Qe3 f5 14. Rfc1 Qf6 15. Nf1 Rd8 16. Rd1 Nb4 17. Qc1 c5 18. e3 b6 19. Ne5 Ba6 20. f3 Nd6 21. Nd2 cxd4 22. exd4 f4 23. g4 Nf7 24. Qc3 {Maghsoodloo,P (2720)-Bluebaum,M (2695) chess.com INT 2026 0-1 (32)}) 10. a3 $146 ({RR} 10. bxa4 Bd7 11. Qc2 Ne7 12. Ne5 Bxa4 13. Nb3 c6 14. Nd3 Bd6 15. Ndc5 Ra7 16. Nxa4 Rxa4 17. Nd2 Qa8 18. e4 Bb4 19. e5 Nd7 20. cxd5 cxd5 21. Nf3 Rc8 22. Qb3 Ba3 23. Rab1 Bxb2 24. Rxb2 b6 {Kramnik,V (2753)-Martinez Alcantara,J (2612) Madrid ESP 2024 ½-½ (61)}) 10... Bxd2 11. Nxd2 axb3 12. Qxb3 Na5 13. Qc2 b6 14. cxd5 exd5 15. Bc3 Ba6 16. Bxa5 bxa5 17. Rfe1 Qd6 18. e4 dxe4 19. Nxe4 Nxe4 20. Bxe4 Rad8 21. Bxh7+ Kh8 22. Be4 Rfe8 23. Rad1 Re7 24. Qc3 a4 25. Qa5 Rde8 26. Bc2 Be2 27. Ra1 Qh6 28. Bxa4 Bf3 29. Rxe7 Rxe7 30. Qf5 Be4 31. Qc8+ Kh7 32. Re1 Bg2 1-0

[Event "CrunchLab Masters Div 2 W"]
[Site "chess.com INT"]
[Date "2024.07.19"]
[Round "1.1"]
[White "Nakamura, Hi"]
[Black "Deac, Bogdan-Daniel"]
[Result "1-0"]
[WhiteElo "2802"]
[BlackElo "2683"]
[PlyCount "63"]
[EventDate "2024.07.19"]
[EventType "k.o."]

1. Nf3 d5 2. d4 Nf6 3. c4 e6 4. Qc2 dxc4 5. Qxc4 a6 6. Qc2 ({RR} 6. Bf4 Nd5 7. Bg5 Be7 8. Bxe7 Qxe7 9. Nc3 Nb6 10. Qb3 Nc6 11. e3 e5 12. d5 Na5 13. Qc2 Nac4 14. Bxc4 Nxc4 15. Qa4+ b5 16. Nxb5 axb5 17. Qxb5+ Qd7 18. Qxc4 Ba6 19. Qc6 Qxc6 20. dxc6 f6 {Artemiev,V (2746)-Aronian,L (2758) Chess.com INT 2019 ½-½ (84)}) 6... c5 ({RR} 6... b5 7. e3 Bb7 8. Nbd2 Nbd7 9. a4 b4 10. Be2 c5 11. O-O Rc8 12. Qb1 Be7 13. b3 O-O 14. Bb2 Qc7 15. Rc1 Qb8 16. dxc5 Nxc5 17. Be5 Bd6 18. Bxf6 gxf6 19. Rc4 Bxf3 20. Nxf3 f5 21. g4 {Voroshilov,R (2138)-Kotsyuba,V (2220) Sheki AZE 2026 0-1 (43)}) 7. dxc5 Qa5+ 8. Nc3 $146 ({RR} 8. Bd2 Qxc5 9. Nc3 Nc6 10. e3 Be7 11. Be2 O-O 12. O-O b5 13. Rac1 Bb7 14. Qb1 Qb6 15. Rfd1 Rfd8 16. Ng5 h6 17. Nge4 Rd7 18. Nxf6+ Bxf6 19. Ne4 Be7 20. Bc3 Rad8 21. Rxd7 Rxd7 22. Ng3 b4 {Pultinevicius,P (2561)-Papayan,O (2253) chess.com INT 2022 1-0 (53)}) 8... Qxc5 9. Be3 Qc7 10. Rc1 Bd7 11. g3 Bb4 12. Bg2 Bxc3+ 13. bxc3 O-O 14. Bf4 Qa5 15. Ne5 Nc6 16. Nxd7 Nxd7 17. O-O Rac8 18. Rfd1 Nf6 19. c4 e5 20. Bg5 Nd4 21. Qb2 Qa4 22. e3 Ne6 23. Bxf6 gxf6 24. Qe2 b5 25. Bd5 Rfe8 26. Qg4+ Kf8 27. Qh5 Kg7 28. c5 Red8 29. c6 Rd6 30. Bxe6 Rxe6 31. Rd7 Rf8 32. c7 1-0

[Event "FIDE World Cup 2025"]
[Site "Goa IND"]
[Date "2025.11.18"]
[Round "6.2"]
[White "Erigaisi, Arjun"]
[Black "Wei Yi"]
[Result "1/2-1/2"]
[WhiteElo "2769"]
[BlackElo "2753"]
[PlyCount "63"]
[EventDate "2025.11.01"]
[EventType "k.o."]

1. d4 d5 2. c4 e6 3. Nf3 Nf6 4. cxd5 exd5 5. Nc3 c6 6. Bf4 Bf5 7. Nh4 Nh5 ({RR} 7... Be4 8. f3 Bg6 9. Nxg6 hxg6 10. e4 dxe4 11. fxe4 Bb4 12. Qd3 Nbd7 13. a3 Ba5 14. b4 Bc7 15. e5 Nh5 16. Be3 Ng3 17. Rg1 Nxf1 18. Qxf1 Qh4+ 19. g3 Qg4 20. h4 f6 21. Rd1 O-O 22. Qc4+ {Raczek,K (2487)-Maghsoodloo,P (2710) Pasching AUT 2026 0-1 (32)}) 8. Nxf5 Nxf4 9. g3 $146 ({RR} 9. e3 Ne6 10. Bd3 g6 11. Ng3 h5 12. Qb3 Qb6 13. Qc2 h4 14. Nge2 Nd7 15. a3 a5 16. h3 Nf6 17. Rc1 Bd6 18. O-O O-O 19. f4 Ng7 20. Rf3 Rfe8 21. Na4 Qc7 22. Nc5 Bxc5 23. dxc5 Ne4 {Wang,C (2235)-Zhao,Y (2151) Shenzhen CHN 2026 1-0 (44)}) 9... Ne6 10. e3 Nd7 11. Qb3 Qb6 12. Qc2 g6 13. Nh4 Bg7 14. Bg2 O-O 15. O-O Rfe8 16. Nf3 Rac8 17. Rfe1 Nf6 18. Rac1 c5 19. dxc5 Rxc5 20. Qe2 Qc6 21. Nd2 Nd7 22. Nb3 Bxc3 23. bxc3 Rxc3 24. Qd2 Rxc1 25. Rxc1 Qa6 26. Bxd5 Nf6 27. Bg2 Rd8 28. Qb2 Ne8 29. Nd2 Qe2 30. Rc2 Qd1+ 31. Nf1 b6 32. Rd2 1/2-1/2

[Event "San Sebastian KO GpA"]
[Site "San Sebastian"]
[Date "2012.01.02"]
[Round "4"]
[White "Ponomariov, Ruslan"]
[Black "Feller, Sebastien"]
[Result "1-0"]
[WhiteElo "2723"]
[BlackElo "2658"]
[PlyCount "63"]
[EventDate "2011.12.28"]
[EventType "k.o."]
[EventRounds "7"]
[EventCountry "ESP"]
[SourceTitle "CBM 146 Extra"]
[Source "ChessBase"]
[SourceDate "2012.02.29"]
[SourceVersion "1"]
[SourceVersionDate "2012.02.29"]
[SourceQuality "1"]

1. d4 Nf6 2. c4 e6 3. Nf3 d5 4. e3 a6 5. Nbd2 c5 6. b3 cxd4 7. exd4 Be7 8. Bb2 O-O 9. Bd3 b6 10. O-O Bb7 11. Rc1 Nbd7 12. Qe2 Re8 13. Rfd1 Bf8 $146 ({RR} 13... Bd6 14. Ne5 g6 15. Qe3 Nxe5 16. dxe5 Bc5 17. Qf3 Nh5 18. cxd5 exd5 19. Nf1 Qg5 20. g3 Rab8 21. h4 Qe7 22. Re1 Qe6 23. Nh2 d4 24. Qg4 Qxg4 25. Nxg4 Kg7 26. Be4 Bxe4 27. Rxe4 f5 28. exf6+ {Terry,R (2520)-Palchuk,A (2335) chess.com INT 2023 1-0 (48)}) ({RR} 13... Bd6 14. Ne5 g6 15. Qe3 Nxe5 16. dxe5 Bc5 17. Qf3 Nh5 18. cxd5 exd5 19. Nf1 Qg5 20. g3 Rab8 21. h4 Qe7 22. Re1 Qe6 23. Nh2 d4 24. Qg4 Qxg4 25. Nxg4 Kg7 26. Be4 Bxe4 27. Rxe4 f5 28. exf6+ {Terry,R (2520)-Palchuk,A (2335) chess.com INT 2023 1-0 (48)}) 14. Ne5 g6 15. Ndf3 dxc4 16. bxc4 Nxe5 17. Nxe5 Nd7 18. f4 Bh6 19. Qf2 Rc8 20. Rc2 b5 21. Ng4 Bg7 22. cxb5 Rxc2 23. Qxc2 Qb6 24. a4 Bxd4+ 25. Kh1 e5 26. fxe5 Bxb2 27. Qxb2 h5 28. Bc4 Qc7 29. e6 Qxc4 30. exd7 Rd8 31. Nf6+ Kf8 32. Re1 1-0

[Event "AUT-chT 1011"]
[Site "Austria"]
[Date "2011.01.21"]
[Round "5.2"]
[White "Gyimesi, Zoltan"]
[Black "Socko, Bartosz"]
[Result "1/2-1/2"]
[WhiteElo "2601"]
[BlackElo "2660"]
[PlyCount "62"]
[EventDate "2010.11.19"]
[EventType "team-tourn"]
[EventRounds "11"]
[EventCountry "AUT"]
[SourceTitle "EXT 2012"]
[Source "ChessBase"]
[SourceDate "2011.11.24"]
[SourceVersion "1"]
[SourceVersionDate "2011.11.24"]
[SourceQuality "1"]
[WhiteTeam "Jenbach"]
[BlackTeam "Baden Invest"]
[WhiteTeamCountry "AUT"]
[BlackTeamCountry "AUT"]

1. d4 d5 2. Nf3 Nf6 3. c4 e6 4. Bg5 h6 5. Bxf6 Qxf6 6. Nc3 Qd8 7. Qb3 ({RR} 7. e3 g6 8. Qc2 Bg7 9. h4 c6 10. Bd3 Nd7 11. g4 O-O 12. g5 h5 13. cxd5 exd5 14. O-O-O Re8 15. e4 Nf8 16. Ne5 Ne6 17. f4 Nxf4 18. Rhf1 Nxd3+ 19. Rxd3 Be6 20. Qf2 dxe4 21. Rd2 Qa5 {Grebennikov,N (2220)-Aczel,G (2460) Budapest HUN 2024 0-1 (36)}) 7... dxc4 ({RR} 7... c6 8. e4 dxe4 9. Nxe4 Qa5+ 10. Nc3 Be7 11. Bd3 O-O 12. O-O Rd8 13. Rad1 Nd7 14. Rfe1 Bf6 15. Ne4 Qc7 16. Bb1 Be7 17. Qc2 Nf8 18. Ne5 Bd7 19. c5 Be8 20. Nc4 Rd5 21. Ncd6 Bxd6 22. Nxd6 {Navara,D (2734)-Sargissian,G (2702) Huaian 2016 1-0 (93)}) 8. Qxc4 Be7 9. g3 a6 $146 ({RR} 9... O-O 10. Bg2 Nd7 11. O-O a6 12. a4 c5 13. dxc5 Bxc5 14. Ne4 Ba7 15. Rfd1 Nb6 16. Rxd8 Nxc4 17. Rxf8+ Kxf8 18. Rc1 Nxb2 19. Nd6 Bd7 20. Rc7 Ke7 21. Nxf7 Kxf7 22. Rxd7+ Kf6 23. Nd2 Rb8 24. Bxb7 {Barbero,G (2505)-Sydor,A (2335) Naestved 1988 1-0 (36)}) 10. Bg2 b5 11. Qd3 Bb7 12. O-O c5 13. Rfd1 cxd4 14. Nxd4 Bxg2 15. Kxg2 Qb6 16. a4 bxa4 17. Qf3 Ra7 18. Nxa4 Qb7 19. Rdc1 Qxf3+ 20. Kxf3 O-O 21. Nc5 Bxc5 22. Rxc5 Rb7 23. Rc2 Rd8 24. e3 Rd6 25. Ra5 Rdb6 26. b3 Nd7 27. Kg2 Kh7 28. Rca2 Nb8 29. Rc2 Nd7 30. Rca2 Nb8 31. Rc2 Nd7 1/2-1/2

[Event "GRE-chT Div-A 38th"]
[Site "Peristeri"]
[Date "2010.07.10"]
[Round "6"]
[White "Kempinski, Robert"]
[Black "Ivanchuk, Vassily"]
[Result "1/2-1/2"]
[WhiteElo "2612"]
[BlackElo "2739"]
[PlyCount "61"]
[EventDate "2010.07.05"]
[EventType "team-swiss"]
[EventRounds "7"]
[EventCountry "GRE"]
[SourceTitle "CBM 137 Extra"]
[Source "ChessBase"]
[SourceDate "2010.09.01"]
[SourceVersion "1"]
[SourceVersionDate "2010.09.01"]
[SourceQuality "1"]

1. d4 Nf6 2. c4 e6 3. Nf3 d5 4. e3 Be7 5. Bd3 dxc4 6. Bxc4 c5 ({RR} 6... a6 7. O-O b5 8. Be2 Nbd7 9. a4 b4 10. Nbd2 Bb7 11. Nb3 O-O 12. Bd2 c5 13. dxc5 a5 14. c6 Bxc6 15. Nfd4 Bb7 16. Rc1 Qb6 17. Bb5 Rac8 18. Qe2 Nc5 19. Rfd1 Nfe4 20. Nxc5 Bxc5 21. Be1 {Papaioannou,I (2645)-Nisipeanu,L (2656) Batumi 2019 0-1 (42)}) ({RR} 6... O-O 7. O-O c5 8. Qe2 Nc6 9. Rd1 Qc7 10. Nc3 a6 11. a4 b6 12. d5 exd5 13. Nxd5 Nxd5 14. Bxd5 Bb7 15. e4 Rad8 16. Bg5 Bxg5 17. Nxg5 Nd4 18. Qh5 h6 19. Nf3 Ne2+ 20. Kh1 Nf4 21. Qf5 {Ren,X (2060)-Chen,Y (1675) Huairou District CHN 2025 0-1 (55)}) 7. dxc5 Qxd1+ 8. Kxd1 Bxc5 $146 ({RR} 8... Ne4 9. Ke2 Nxc5 10. Nbd2 a6 11. a4 Nc6 12. Nb3 Ne4 13. Bd3 Nd6 14. Nbd4 Nb4 15. Bb1 f6 16. Bd2 Nd5 17. Ba2 Ne4 18. Rhc1 Bd7 19. Ba5 Bd6 20. Nd2 Nxd2 21. Bxd2 Kf7 22. f4 g6 23. g4 {Velichko,A (2177)-Fakhrutdinov,T (2460) Samara 2018 ½-½ (42)}) 9. Nbd2 Nbd7 10. b3 b6 11. Bb2 Bb7 12. Ke2 O-O 13. Rhd1 Be7 14. Ne1 Rfd8 15. f3 Nd5 16. Nd3 Kf8 17. e4 Nc7 18. b4 Bf6 19. Rac1 Rac8 20. Ke3 Bg5+ 21. f4 Bf6 22. Bxf6 Nxf6 23. Ne5 Nd7 24. Ndf3 Nxe5 25. Nxe5 Rxd1 26. Rxd1 f6 27. Nf3 Bc6 28. Nd4 Bd7 29. Rd2 Ke7 30. Rc2 Kd6 31. Rd2 1/2-1/2

[Event "chess.com SpeedChess 2022"]
[Site "chess.com INT"]
[Date "2022.12.15"]
[Round "3.23"]
[White "Nakamura, Hi"]
[Black "Nihal, Sarin"]
[Result "1-0"]
[WhiteElo "2768"]
[BlackElo "2670"]
[PlyCount "61"]
[EventDate "2022.11.23"]
[EventType "k.o."]

1. d4 Nf6 2. c4 e6 3. Nf3 d5 4. e3 c5 5. dxc5 Bxc5 6. a3 b6 $146 ({RR} 6... Nc6 7. Nbd2 O-O 8. b4 Be7 9. Bb2 Ne4 10. Bd3 Nxd2 11. Nxd2 dxc4 12. Nxc4 Bf6 13. Bxf6 Qxf6 14. O-O g6 15. f4 Rd8 16. Qe2 b6 17. Be4 Bb7 18. Ne5 Na5 19. Bxb7 Nxb7 20. Rac1 Rdc8 21. Rxc8+ {Pirc,V-Seitz,J Lodz 1938 1-0 (42)}) ({RR} 6... Nc6 7. b4 Be7 8. Bb2 dxc4 9. Qxd8+ Bxd8 10. Bxc4 O-O 11. Nbd2 b6 12. O-O Bb7 13. Rac1 Be7 14. Be2 Rac8 15. Rfd1 Rfd8 16. Kf1 h6 17. Ke1 Kf8 18. Nb3 Rxd1+ 19. Rxd1 Nd5 20. Nfd2 Bf6 21. Bxf6 {Xiong,J (2700)-Khanin,S (2521) Chess.com INT 2021 1-0 (55)}) ({RR} 6... a6 7. b4 Ba7 8. Bb2 O-O 9. Nbd2 Nc6 10. Rc1 d4 11. exd4 Nxd4 12. Be2 Nxe2 13. Qxe2 Bd7 14. Ne5 Rc8 15. O-O Bc6 16. Nxc6 Rxc6 17. Ne4 Nxe4 18. Qxe4 Qg5 19. Rfd1 Rd8 20. h4 Rxd1+ 21. Rxd1 {Grinev,V (2422)-Exposito Milan,A (2276) chess.com INT 2024 1-0}) 7. cxd5 Nxd5 8. e4 Nf6 9. Qxd8+ Kxd8 10. Nc3 Bb7 11. Bd3 a5 12. Bg5 h6 13. Bh4 g5 14. Bg3 Nbd7 15. h4 Ke7 16. hxg5 hxg5 17. Rxh8 Rxh8 18. O-O-O Ng4 19. Rd2 f6 20. Bb5 Rd8 21. Bc7 Bc8 22. Bxd8+ Kxd8 23. Nd1 Ke7 24. Nd4 Bxd4 25. Rxd4 Nc5 26. Kc2 e5 27. Rc4 Be6 28. Rc3 Nxe4 29. Rc7+ Kd8 30. Rc6 Bf5 31. Bd3 1-0

[Event "Titled Tue 24th Sep Late"]
[Site "chess.com INT"]
[Date "2024.09.24"]
[Round "6"]
[White "Deac, Bogdan-Daniel"]
[Black "Nakamura, Hi"]
[Result "0-1"]
[WhiteElo "2680"]
[BlackElo "2802"]
[PlyCount "60"]
[EventDate "2024.09.24"]

1. d4 d5 2. c4 e6 3. Nf3 a6 4. Bg5 Be7 5. Bxe7 Qxe7 6. Nbd2 Nf6 7. Rc1 O-O 8. g3 b6 9. Bg2 Bb7 10. O-O Rc8 ({RR} 10... Rd8 11. cxd5 exd5 12. Qc2 Ne8 13. Rfe1 Nd7 14. e4 Qd6 15. e5 Qh6 16. Nh4 g6 17. e6 fxe6 18. Rxe6 Nf8 19. Ree1 Rd7 20. Ndf3 Rad8 21. Ne5 Rg7 22. f4 Nf6 23. Qf2 Ne4 24. Bxe4 {1-0 (24) Lazavik,D (2621)-Le Tuan Minh (2585) chess.com INT 2026}) ({RR} 10... c5 11. dxc5 Qxc5 12. cxd5 Qxd5 13. Nh4 Qd7 14. Nc4 Bxg2 15. Nxg2 Qb7 16. Qd6 Nbd7 17. Rfd1 Rac8 18. Qd4 Rc6 19. Nd6 Qc7 20. Rxc6 Qxc6 21. Ne3 h6 22. f3 Rd8 23. Ndc4 Rc8 24. Kg2 b5 25. Na5 {Deac,B (2683)-Shimanov,A (2576) chess.com INT 2024 0-1 (55)}) 11. Qb3 Nbd7 12. Rfd1 $146 ({RR} 12. Ne5 Nxe5 13. dxe5 Nd7 14. cxd5 Nc5 15. Qa3 exd5 16. Nb3 Qxe5 17. Nxc5 bxc5 18. Qxc5 Qxe2 19. Rfe1 Qh5 20. Re7 h6 21. Rce1 Rab8 22. Rxc7 Rf8 23. Qd4 a5 24. h4 Ba8 25. a3 Qg6 26. Ra7 Qb6 {Li,E (2351)-Tin,J (2570) Las Vegas USA 2024 1-0 (66)}) 12... c5 13. cxd5 Bxd5 14. Qa3 Kf8 15. dxc5 Rxc5 16. Rxc5 Qxc5 17. b4 Qe7 18. Qb2 a5 19. bxa5 Rxa5 20. Nb3 Qa3 21. Qc3 Rc5 22. Qd2 Bxb3 23. Qd6+ Ke8 24. axb3 Qxb3 25. Ne5 Rxe5 26. Ra1 Ra5 27. Rc1 Rc5 28. Ra1 Rc8 29. Bb7 Qc3 30. Ra7 Qc7 0-1

[Event "CrunchLab Masters Div 2 W"]
[Site "chess.com INT"]
[Date "2024.07.19"]
[Round "1.2"]
[White "Grischuk, A."]
[Black "Matlakov, M."]
[Result "1/2-1/2"]
[WhiteElo "2708"]
[BlackElo "2651"]
[PlyCount "60"]
[EventDate "2024.07.19"]
[EventType "k.o."]

1. d4 Nf6 2. c4 e6 3. Nf3 d5 4. Bg5 Be7 5. Nc3 h6 6. Bxf6 Bxf6 7. Qb3 dxc4 ({RR} 7... c5 8. dxc5 Na6 9. cxd5 O-O 10. Qa3 exd5 11. e3 d4 12. exd4 Bg4 13. O-O-O Bxf3 14. gxf3 Bxd4 15. Bxa6 bxa6 16. Ne4 Qd5 17. Rd2 Rac8 18. Qa4 Rfd8 19. Rhd1 {1-0 (19) Gelfand,B (2733)-Jakovenko,D (2753) Odessa 2009}) 8. Qxc4 O-O 9. h4 $146 ({RR} 9. e4 Nd7 10. Rd1 c6 11. e5 Nb6 12. Qd3 Be7 13. Qe4 Nd5 14. Bd3 g6 15. h4 Nxc3 16. bxc3 Qd5 17. Qe2 b5 18. Be4 Qd7 19. Qd3 Kg7 20. Rh3 Bb7 21. Rg3 Qe8 22. Qe3 Rh8 23. Kf1 Rb8 {Arizmendi Martinez,J (2524)-Marin,I (2261) La Massana 2008 1-0 (35)}) ({RR} 9. e4 b6 10. O-O-O Ba6 11. Qa4 Bxf1 12. Rhxf1 Qd7 13. Qc2 Nc6 14. e5 Nb4 15. Qb3 Be7 16. d5 Nxd5 17. Nxd5 exd5 18. Qxd5 Qxd5 19. Rxd5 Rad8 20. Rfd1 Rxd5 21. Rxd5 Rd8 22. Rxd8+ Bxd8 23. Nd4 Be7 {Petrovic,A (2194)-Vulinovic,R (2237) Belgrade 2021 1-0 (42)}) 9... g6 10. Rd1 Bg7 11. g3 Nd7 12. Bg2 c6 13. O-O Qe7 14. Qb3 b6 15. e3 Bb7 16. Nd2 Rfd8 17. Nc4 Nf6 18. Ne4 Nd5 19. Rc1 Rac8 20. Rfd1 Ba8 21. a3 c5 22. dxc5 bxc5 23. Qc2 Rb8 24. Rd3 Nb6 25. Rxd8+ Rxd8 26. Ned2 Nd5 27. Nb3 Rb8 28. Nbd2 Rd8 29. Nb3 Rb8 30. Nbd2 Rd8 1/2-1/2